Państwa świata z polskiego na angielski - Statystyki

Ogólne statystyki
  • Ten quiz został rozwiązany 1 589 razy
  • Średni wynik to 15 z 20
Statystyki odpowiedzi
Polski Angielski % Poprawnych
Polska Poland
100%
Chiny China
95%
Ukraina Ukraine
95%
Meksyk Mexico
90%
Belgia Belgium
89%
Grecja Greece
89%
Argentyna Argentina
87%
Białoruś Belarus
80%
Egipt Egypt
80%
Cypr Cyprus
77%
Irlandia Ireland
76%
Chorwacja Croatia
75%
Somalia Somalia
74%
Gruzja Georgia
68%
Filipiny Philippines
67%
Republika Południowej Afryki South Africa
62%
Mołdawia Moldova
51%
Ekwador Ecuador
49%
Mozambik Mozambique
41%
Wybrzeże Kości Słoniowej Ivory Coast
36%
Nie znaleziono quizów pasujących do podanych kryteriów
Rozkład punktacji
Procent ludzi z każdym wynikiem
Percentyl według liczby udzielonych odpowiedzi
Twoja historia wyników
Nie rozwiązałeś tego quizu